000
00298nam a22001217a 4500
008
160504b xxu||||| |||| 00| 0 eng d
020
_a
9780397554522
020
_a
0397554524
041
_a
eng
080
_a
618.2
245
_a
Lippincotts review for nclex rn:
_c
Diane M. Billings;
942
_2
udc
_c
BK
999
_c
1788
_d
1788